000 01793nam0a2200325 i 4500
001 RU\NLR\BIBL_A\010957202
005 20241102085236.0
010 _a9785238028033
_9500
021 _aRU
_b2015-102081
_96362
035 _a(NILC)RuMoRGB-008110039
035 _a(NLR Aleph) 010957202
090 _a10791711
_c10791711
100 _a20160126d2015 km y0rusy50 ca
101 0 _arus
102 _aRU
105 _aa|||z|||100yy
200 1 _aОрганизация предварительного расследования
_eпроблемы и перспективы
_eматериалы Международной научно-практической конференции (Москва, 20 ноября 2015 г.)
_fСледственный ком. Российской Федерации, Акад. Следственного ком. Российской Федерации
_gпод ред. Засл. юриста РФ, д.ю.н., проф. А. И. Бастрыкина
210 _aМосква
_cЮНИТИ
_d2015
215 _a511 с.
_cтабл.
_d22
320 _aБиблиогр. в подстроч. примеч
606 _aПредварительное расследование
_jСъезды, совещания и т.п
_9936507
_3RU\NLR\AUTH\6627146
675 _a343
686 1 _aХ629.372.2я431
702 1 _4340
_aБастрыкин
_bА. И.
_cд-р юрид. наук
_f1953-
_gАлександр Иванович
_9173323
_3RU\NLR\AUTH\770173374
712 0 1 _4570
_aРоссийская Федерация
_bСледственный комитет
_bАкадемия
_9414547
_3RU\NLR\AUTH\880374048
801 0 _aRU
_bРГБ
_c20160111
_gRCR
942 _cBOOK
980 _aNBR